[Event "Madrid San Viator op 24th"]
[Site "Madrid"]
[Date "2015.04.19"]
[Round "4"]
[White "Diaz del Prado, Carlos"]
[Black "Rodriguez Alonso, Marcos"]
[Result "0-1"]
[WhiteElo "1274"]
[BlackElo "1738"]
[PlyCount "64"]
[EventDate "2015.03.22"]
[EventType "swiss"]
[EventRounds "9"]
[EventCountry "ESP"]
[SourceTitle "EXT 2016"]
[Source "ChessBase"]
[SourceDate "2015.10.08"]
[SourceVersion "1"]
[SourceVersionDate "2015.10.08"]
[SourceQuality "1"]

1. b3 e5 2. Bb2 Nc6 3. e3 Nf6 4. Bb5 Bd6 5. d3 a6 6. Bxc6 dxc6 7. Nf3 Qe7 8. 0-0 0-0 9. Nbd2 b5 10. a4 Bg4 11. h3 Bh5 12. Qc1 Rfe8 13. e4 Nd7 14. Ba3 Nc5 15. Bb2 f6 16. c4 Nxd3 17. Qc3 Nxb2 18. Qxb2 Rad8 19. Nh4 Bb4 20. Ndf3 Bxf3 21. Nxf3 Rd3 22. Qc2 Red8 23. Rad1 Rxd1 24. Rxd1 Rxd1+ 25. Qxd1 Qd6 26. Qc2 Kf7 27. Qe2 Qc5 28. Ne1 Bxe1 29. Qxe1 bxa4 30. bxa4 Qxc4 31. a5 c5 32. f3 Qb4 0-1

[Event "Madrid San Viator op 21st"]
[Site "Madrid"]
[Date "2013.11.03"]
[Round "7"]
[White "Rodriguez Alonso, Marcos"]
[Black "Vazquez Cabeza, Isaac"]
[Result "1-0"]
[WhiteElo "1666"]
[BlackElo "1560"]
[PlyCount "92"]
[EventDate "2013.09.29"]
[EventType "swiss"]
[EventRounds "9"]
[EventCountry "ESP"]
[SourceTitle "EXT 2015"]
[Source "ChessBase"]
[SourceDate "2014.11.20"]
[SourceVersion "1"]
[SourceVersionDate "2014.11.20"]
[SourceQuality "1"]

1. e4 e6 2. d4 d5 3. exd5 exd5 4. Bd3 Bd6 5. c3 c6 6. h3 Nf6 7. Ne2 0-0 8. 0-0 Be6 9. Bf4 h6 10. Nd2 Qc7 11. Bxd6 Qxd6 12. Nf3 Qc7 13. Ng3 Qc8 14. Kh2 Nbd7 15. Bf5 Nb6 16. Bxe6 Qxe6 17. Ne5 Nbd7 18. f4 Nxe5 19. fxe5 Nd7 20. Nf5 Kh7 21. Qd3 g6 22. Ng3 f6 23. exf6 Nxf6 24. Rae1 Qd6 25. Kh1 Rae8 26. Rxe8 Rxe8 27. Qf3 Rf8 28. Kg1 Kg7 29. Qd3 Qc7 30. Rf3 Qd6 31. b3 Qe7 32. Re3 Qd7 33. c4 Re8 34. cxd5 Rxe3 35. Qxe3 cxd5 36. Qe5 Qe8 37. Qxe8 Nxe8 38. Kf2 Kf6 39. Ke3 Nd6 40. Ne2 g5 41. Nc3 Nf5+ 42. Kd3 Ke6 43. g4 Ne7 44. Ke3 a6 45. Na4 Kd6 46. Nc5 Kc6 1-0

[Event "Madrid San Viator op 21st"]
[Site "Madrid"]
[Date "2013.10.20"]
[Round "5"]
[White "Rodriguez Alonso, Marcos"]
[Black "De Castro Vidal, Jose Ignacio"]
[Result "1-0"]
[WhiteElo "1666"]
[BlackElo "2050"]
[PlyCount "59"]
[EventDate "2013.09.29"]
[EventType "swiss"]
[EventRounds "9"]
[EventCountry "ESP"]
[SourceTitle "EXT 2015"]
[Source "ChessBase"]
[SourceDate "2014.11.20"]
[SourceVersion "1"]
[SourceVersionDate "2014.11.20"]
[SourceQuality "1"]

1. e4 g6 2. d4 d6 3. Nf3 Nf6 4. Nc3 Bg7 5. Bc4 0-0 6. 0-0 Bg4 7. h3 Bxf3 8. Qxf3 Nc6 9. Be3 Nd7 10. Rad1 e5 11. Ne2 Kh8 12. c3 f5 13. d5 Ne7 14. Bg5 fxe4 15. Qxe4 Nf6 16. Bxf6 Rxf6 17. f4 Rf8 18. fxe5 Bxe5 19. Nd4 Bxd4+ 20. Qxd4+ Kg8 21. Bd3 Nf5 22. Bxf5 Rxf5 23. Rxf5 gxf5 24. Rf1 Qg5 25. Qd3 Rf8 26. c4 f4 27. b4 f3 28. Rxf3 Rxf3 29. Qxf3 Qc1+ 30. Qf1 1-0

[Event "Madrid San Viator op 21st"]
[Site "Madrid"]
[Date "2013.10.06"]
[Round "2"]
[White "Rodriguez Valero, Martin Jose"]
[Black "Rodriguez Alonso, Marcos"]
[Result "1/2-1/2"]
[WhiteElo "1782"]
[BlackElo "1666"]
[PlyCount "78"]
[EventDate "2013.09.29"]
[EventType "swiss"]
[EventRounds "9"]
[EventCountry "ESP"]
[SourceTitle "EXT 2015"]
[Source "ChessBase"]
[SourceDate "2014.11.20"]
[SourceVersion "1"]
[SourceVersionDate "2014.11.20"]
[SourceQuality "1"]

1. e4 e5 2. Nf3 Nc6 3. Bc4 Bc5 4. b4 Bxb4 5. c3 Ba5 6. d4 exd4 7. 0-0 Nge7 8. Ba3 d6 9. Ng5 Ne5 10. Nxf7 Nxf7 11. Bxf7+ Kxf7 12. Qh5+ Ng6 13. Qxa5 c5 14. Qxd8 Rxd8 15. cxd4 cxd4 16. Rd1 Nf4 17. Bb2 d5 18. e5 Re8 19. Bxd4 Ne2+ 20. Kf1 Nxd4 21. Rxd4 Rxe5 22. Nc3 Be6 23. Rad1 Rd8 24. f3 Rd7 25. a4 Ke7 26. a5 g5 27. h3 h6 28. Kf2 h5 29. Kf1 Ke8 30. Kf2 b6 31. axb6 axb6 32. Nb5 Bf5 33. R1d2 Be6 34. Ra4 Ke7 35. Ra6 Rb7 36. Ra8 Bd7 37. Rh8 Kf6 38. Nc3 Be6 39. Rxh5 Rb8 1/2-1/2

[Event "Madrid San Viator op 20th"]
[Site "Madrid"]
[Date "2013.06.09"]
[Round "9"]
[White "Perez, Alvaro"]
[Black "Rodriguez Alonso, Marcos"]
[Result "1/2-1/2"]
[WhiteElo "1836"]
[BlackElo "1637"]
[PlyCount "53"]
[EventDate "2013.04.07"]
[EventType "swiss"]
[EventRounds "9"]
[EventCountry "ESP"]
[SourceTitle "EXT 2014"]
[Source "ChessBase"]
[SourceDate "2013.11.20"]
[SourceVersion "1"]
[SourceVersionDate "2013.11.20"]
[SourceQuality "1"]

1. e4 e5 2. Nf3 Nc6 3. c3 Nf6 4. d4 d6 5. Be2 g6 6. Bg5 Bg7 7. Nbd2 0-0 8. d5 Ne7 9. h4 Bg4 10. Nh2 Bxe2 11. Qxe2 h6 12. Be3 Qd7 13. f3 c6 14. c4 cxd5 15. cxd5 a6 16. Rc1 Rac8 17. 0-0 Nh5 18. Qf2 f5 19. Rxc8 Qxc8 20. exf5 Nxf5 21. g4 Nxe3 22. Qxe3 Nf4 23. Ne4 Qc2 24. Qd2 Qxd2 25. Nxd2 Rc8 26. Ne4 Bf8 27. Nc3 1/2-1/2

[Event "Madrid San Viator op 19th"]
[Site "Madrid"]
[Date "2012.09.30"]
[Round "2"]
[White "Rodriguez Alonso, Marcos"]
[Black "Fernandez Aragones, Pedro A"]
[Result "1/2-1/2"]
[WhiteElo "1596"]
[BlackElo "1848"]
[PlyCount "51"]
[EventDate "2012.09.23"]
[EventType "swiss"]
[EventRounds "9"]
[EventCountry "ESP"]
[SourceTitle "EXT 2013"]
[Source "ChessBase"]
[SourceDate "2012.11.22"]
[SourceVersion "1"]
[SourceVersionDate "2012.11.22"]
[SourceQuality "1"]

1. e4 c5 2. Nf3 e6 3. d4 cxd4 4. Nxd4 Nf6 5. Nc3 Nc6 6. Nb3 Bb4 7. Bd3 d5 8. exd5 Nxd5 9. Bd2 Nxc3 10. bxc3 Bd6 11. c4 b6 12. Bc3 Bb7 13. Qg4 Bb4 14. Bxb4 Nxb4 15. Qxg7 Rf8 16. 0-0 Qh4 17. Rfe1 0-0-0 18. Qg3 Qh5 19. Re5 f5 20. Be2 Qf7 21. Bf3 Rg8 22. Bxb7+ Qxb7 23. Qh3 Nxc2 24. Rc1 Rd3 25. g3 Rgd8 26. Qh5 1/2-1/2

[Event "ESP-ch U14"]
[Site "Salobrena"]
[Date "2012.07.09"]
[Round "1"]
[White "Rodriguez Alonso, Marcos"]
[Black "Suarez Gomez, Julio"]
[Result "0-1"]
[WhiteElo "1592"]
[BlackElo "2026"]
[PlyCount "64"]
[EventDate "2012.07.09"]
[EventType "swiss"]
[EventRounds "9"]
[EventCountry "ESP"]
[SourceTitle "EXT 2014"]
[Source "ChessBase"]
[SourceDate "2013.11.20"]
[SourceVersion "1"]
[SourceVersionDate "2013.11.20"]
[SourceQuality "1"]

1. e4 e6 2. d4 d5 3. exd5 exd5 4. Bd3 Nc6 5. c3 Bd6 6. Ne2 Qh4 7. Ng3 Bg4 8. Be2 Bxe2 9. Qxe2+ Nge7 10. 0-0 0-0-0 11. Nd2 h5 12. Nf3 Qg4 13. h3 Qg6 14. Ne5 Bxe5 15. dxe5 h4 16. Nh1 Qe4 17. Qxe4 dxe4 18. Re1 Nxe5 19. f3 N7c6 20. fxe4 Nd3 21. Re3 Nce5 22. Nf2 Nxf2 23. Kxf2 Rd1 24. Ke2 Rhd8 25. b3 Rg1 26. c4 Rdd1 27. Rc3 Rde1+ 28. Kd2 Rxe4 29. Re3 Rxg2+ 30. Kc3 Rg3 31. Rxg3 hxg3 32. Bg5 Nf3 0-1

[Event "Madrid San Viator op 18th"]
[Site "Madrid"]
[Date "2012.03.25"]
[Round "1"]
[White "Rodriguez Alonso, Marcos"]
[Black "Vallejo Nuno, Jorge"]
[Result "0-1"]
[WhiteElo "1567"]
[BlackElo "2068"]
[PlyCount "66"]
[EventDate "2012.03.25"]
[EventType "swiss"]
[EventRounds "9"]
[EventCountry "ESP"]
[SourceTitle "EXT 2013"]
[Source "ChessBase"]
[SourceDate "2012.11.22"]
[SourceVersion "1"]
[SourceVersionDate "2012.11.22"]
[SourceQuality "1"]

1. e4 e5 2. Nf3 f5 3. d3 d6 4. Nc3 Nf6 5. Bg5 Be7 6. Be2 0-0 7. Bxf6 Bxf6 8. Qd2 c6 9. 0-0-0 a5 10. exf5 Bxf5 11. Ne4 Be7 12. Qc3 b5 13. Ng3 Be6 14. d4 b4 15. Qd3 Bxa2 16. dxe5 Bd5 17. exd6 Bxd6 18. Qd4 Rf4 19. Qd3 a4 20. Nf5 a3 21. Nxd6 Qxd6 22. Kb1 Qf6 23. Nd4 c5 24. Bf3 Bf7 25. bxa3 Rxd4 26. Qb5 Ba2+ 27. Kc1 Qf4+ 28. Kb2 Rxa3 29. Rxd4 Qxd4+ 30. Kc1 Qf4+ 31. Kb2 Qe5+ 32. Kc1 Bf7 33. Rd1 Ra1+ 0-1

[Event "San Sebastian de los Reyes op 13th"]
[Site "San Sebastian"]
[Date "2011.12.10"]
[Round "9"]
[White "Rodriguez Alonso, Marcos"]
[Black "Martinez Miura, Enrique"]
[Result "1-0"]
[WhiteElo "1540"]
[BlackElo "1713"]
[PlyCount "113"]
[EventDate "2011.12.02"]
[EventType "swiss"]
[EventRounds "9"]
[EventCountry "ESP"]
[SourceTitle "CBM 145 Extra"]
[Source "ChessBase"]
[SourceDate "2012.01.03"]
[SourceVersion "1"]
[SourceVersionDate "2012.01.03"]
[SourceQuality "1"]

1. e4 e6 2. d4 d5 3. exd5 exd5 4. Bd3 Bd6 5. c3 Ne7 6. Ne2 Bf5 7. Bf4 0-0 8. 0-0 Bxd3 9. Qxd3 Ng6 10. Bxd6 Qxd6 11. Nd2 Re8 12. Nf3 Nd7 13. Rfe1 Nf6 14. Ng3 c6 15. Qd2 Ne4 16. Nxe4 dxe4 17. Ng5 f5 18. Qc2 Nf4 19. Qb3+ Ne6 20. Nxe6 Rxe6 21. Qxb7 Rb8 22. Qxa7 Rxb2 23. Rab1 Rxb1 24. Rxb1 h5 25. Qb8+ Qxb8 26. Rxb8+ Kf7 27. Rb7+ Kf6 28. a4 Rd6 29. a5 f4 30. a6 c5 31. a7 Ra6 32. h3 Ra1+ 33. Kh2 cxd4 34. cxd4 e3 35. fxe3 fxe3 36. Rb3 Rxa7 37. Rxe3 Rd7 38. Rd3 Kf5 39. Kg3 g5 40. Kf3 g4+ 41. hxg4+ hxg4+ 42. Kg3 Rd5 43. Rd2 Kg5 44. Rd1 Ra5 45. d5 Ra3+ 46. Kh2 Kf4 47. g3+ Kf3 48. d6 Ra2+ 49. Kg1 Kxg3 50. d7 Rg2+ 51. Kf1 Rf2+ 52. Ke1 Kg2 53. d8Q Rf1+ 54. Ke2 Rxd1 55. Qxd1 g3 56. Qf1+ Kh2 57. Kf3 1-0

[Event "San Sebastian de los Reyes op 13th"]
[Site "San Sebastian"]
[Date "2011.12.02"]
[Round "1"]
[White "Munoz Sanchez, Daniel"]
[Black "Rodriguez Alonso, Marcos"]
[Result "1-0"]
[WhiteElo "1995"]
[BlackElo "1540"]
[PlyCount "159"]
[EventDate "2011.12.02"]
[EventType "swiss"]
[EventRounds "9"]
[EventCountry "ESP"]
[SourceTitle "CBM 145 Extra"]
[Source "ChessBase"]
[SourceDate "2012.01.03"]
[SourceVersion "1"]
[SourceVersionDate "2012.01.03"]
[SourceQuality "1"]

1. Nf3 Nc6 2. e4 e5 3. Bb5 a6 4. Ba4 Bc5 5. 0-0 Nf6 6. d3 d6 7. c3 0-0 8. Bg5 Bg4 9. Nbd2 h6 10. Be3 Bb6 11. h3 Bh5 12. Nc4 Ba7 13. Bxc6 bxc6 14. Bxa7 Rxa7 15. g4 Bg6 16. Nh4 Bh7 17. Nf5 Bxf5 18. gxf5 Nh7 19. f4 Qh4 20. Qg4 Qxg4+ 21. hxg4 exf4 22. Rxf4 Ng5 23. Kg2 f6 24. b4 Re8 25. Na5 c5 26. bxc5 dxc5 27. Rb1 Kf7 28. Rf2 Raa8 29. Rb7 Rec8 30. Rfb2 Ke7 31. R2b6 Kd7 32. Nc4 Nf7 33. Re6 Kd8 34. Rc6 Kd7 35. Rxc5 Nd6 36. Rd5 Kc6 37. Na5+ Kd7 38. d4 Ke8 39. Rb2 Rab8 40. Re2 Rb5 41. Rxb5 Nxb5 42. Re3 Kf7 43. e5 fxe5 44. dxe5 Rd8 45. Nc4 Rd1 46. e6+ Ke7 47. a4 Nd6 48. Ne5 Ne8 49. Nc6+ Kd6 50. Nb4 a5 51. Rd3+ Rxd3 52. Nxd3 Kd5 53. Nb2 g6 54. fxg6 Kxe6 55. Nc4 Kf6 56. Nxa5 Kxg6 57. Nc4 Kf6 58. Kg3 c5 59. Ne3 Nc7 60. Kh4 Kg6 61. c4 Na6 62. a5 Nc7 63. Nd1 Na6 64. Nc3 Nc7 65. Ne4 Na6 66. Kg3 Kf7 67. Kf4 Ke6 68. Ng3 Kf6 69. Nf5 Kg6 70. Ng3 Kf6 71. Ne4+ Ke6 72. Kf3 Kf7 73. Ke3 Ke7 74. Kd3 Ke6 75. Ng3 Ke5 76. Nh5 Nc7 77. Kc3 Ke4 78. Kb3 Kf3 79. Nf6 Kf4 80. Nd5+ 1-0

[Event "Madrid San Viator op 17th"]
[Site "Madrid"]
[Date "2011.10.01"]
[Round "2"]
[White "Rodriguez Alonso, Marcos"]
[Black "Pindado Campos, Raul"]
[Result "1-0"]
[WhiteElo "1540"]
[BlackElo "1830"]
[PlyCount "133"]
[EventDate "2011.09.25"]
[EventType "swiss"]
[EventRounds "9"]
[EventCountry "ESP"]
[SourceTitle "EXT 2012"]
[Source "ChessBase"]
[SourceDate "2011.11.24"]
[SourceVersion "1"]
[SourceVersionDate "2011.11.24"]
[SourceQuality "1"]

1. e4 e6 2. d4 d5 3. exd5 exd5 4. Bd3 Nf6 5. Ne2 Bd6 6. Nd2 Bg4 7. f3 Bh5 8. Nb3 Nbd7 9. Bf4 Qe7 10. Bxd6 Qxd6 11. Qd2 Bg6 12. Bxg6 hxg6 13. Qf4 Qc6 14. c3 0-0-0 15. 0-0-0 Qa6 16. Ng3 b6 17. Kb1 Kb7 18. Qd2 Qc4 19. Qd3 Qc6 20. Qc2 a5 21. a3 Ra8 22. Nd2 b5 23. Ne2 a4 24. Nf4 Qd6 25. g3 Nb6 26. Nd3 Nfd7 27. f4 Rae8 28. h4 f6 29. Rde1 g5 30. hxg5 fxg5 31. Rxh8 Rxh8 32. Nf3 gxf4 33. gxf4 Nc4 34. Nfe5 Ndxe5 35. Nxe5 Nxe5 36. fxe5 Qe6 37. Qg2 Rg8 38. Rg1 g6 39. Rf1 c6 40. Rf6 Qe8 41. Qg3 g5 42. Qg4 Rg6 43. Qh5 Rg8 44. Qxe8 Rxe8 45. Rg6 Rf8 46. Rxg5 Rf1+ 47. Ka2 Re1 48. Rg2 Kc7 49. Rc2 Kd7 50. b3 Re4 51. bxa4 bxa4 52. Rd2 Ke6 53. Kb2 c5 54. Kc2 cxd4 55. cxd4 Re1 56. Kc3 Rb1 57. Rb2 Ra1 58. Rb6+ Kf5 59. Kb2 Rf1 60. Rf6+ Ke4 61. Rxf1 Kxd4 62. e6 Kc5 63. e7 Kb6 64. e8Q Ka7 65. Qe6 d4 66. Rf7+ Ka8 67. Qe8# 1-0

[Event "ESP-ch U12"]
[Site "Padron"]
[Date "2011.07.07"]
[Round "4"]
[White "Lopez Mulet, Inigo"]
[Black "Rodriguez Alonso, Marcos"]
[Result "1-0"]
[WhiteElo "1780"]
[BlackElo "1542"]
[PlyCount "81"]
[EventDate "2011.07.05"]
[EventType "swiss"]
[EventRounds "9"]
[EventCountry "ESP"]
[SourceTitle "EXT 2012"]
[Source "ChessBase"]
[SourceDate "2011.11.24"]
[SourceVersion "1"]
[SourceVersionDate "2011.11.24"]
[SourceQuality "1"]

1. Nf3 c5 2. g3 Nc6 3. Bg2 e5 4. c4 d6 5. Nc3 Nf6 6. d3 h6 7. 0-0 Be7 8. a3 0-0 9. Rb1 a5 10. Nd2 Be6 11. Nd5 Re8 12. Qa4 Bd7 13. Qd1 Bf8 14. Nxf6+ Qxf6 15. Ne4 Qd8 16. Nc3 Be6 17. e4 Be7 18. f4 exf4 19. gxf4 Qc8 20. f5 Bd7 21. Nd5 f6 22. Qg4 Ne5 23. Qg3 Kf7 24. Bf3 Rg8 25. Bh5+ Kf8 26. Kh1 Ra6 27. Rg1 Be8 28. Bd1 Bf7 29. Bxh6 gxh6 30. Qxg8+ Bxg8 31. Rxg8+ Kxg8 32. Nxe7+ Kf7 33. Nxc8 Ke8 34. Ba4+ Kd8 35. Bb5 Kxc8 36. Bxa6 bxa6 37. Rd1 Ng4 38. Kg1 Kb7 39. h3 Ne5 40. Kf2 h5 41. Ke3 1-0

[Event "Madrid San Viator op 16th"]
[Site "Madrid"]
[Date "2011.06.05"]
[Round "9"]
[White "Rodriguez Alonso, Marcos"]
[Black "Rosa Ramirez, Victor Diego"]
[Result "0-1"]
[WhiteElo "1494"]
[BlackElo "1934"]
[PlyCount "36"]
[EventDate "2011.03.27"]
[EventType "swiss"]
[EventRounds "9"]
[EventCountry "ESP"]
[SourceTitle "EXT 2012"]
[Source "ChessBase"]
[SourceDate "2011.11.24"]
[SourceVersion "1"]
[SourceVersionDate "2011.11.24"]
[SourceQuality "1"]

1. e4 e6 2. d4 d5 3. exd5 exd5 4. c3 Bd6 5. Bd3 Ne7 6. Qc2 Nbc6 7. h3 Be6 8. Nf3 h6 9. Be3 Qd7 10. Qb3 0-0 11. Nbd2 f5 12. Nb1 Rae8 13. 0-0 f4 14. Bd2 Bxh3 15. gxh3 Qxh3 16. Qd1 g5 17. Ne5 f3 18. Re1 Qg2# 0-1

[Event "Madrid San Viator op 16th"]
[Site "Madrid"]
[Date "2011.05.22"]
[Round "8"]
[White "Rodriguez Alonso, Marcos"]
[Black "Garcia Carbonell, Francisco"]
[Result "1-0"]
[WhiteElo "1494"]
[BlackElo "1745"]
[PlyCount "129"]
[EventDate "2011.03.27"]
[EventType "swiss"]
[EventRounds "9"]
[EventCountry "ESP"]
[SourceTitle "EXT 2012"]
[Source "ChessBase"]
[SourceDate "2011.11.24"]
[SourceVersion "1"]
[SourceVersionDate "2011.11.24"]
[SourceQuality "1"]

1. e4 d5 2. exd5 Nf6 3. d4 Nxd5 4. Nf3 Bf5 5. a3 c6 6. Bc4 Nd7 7. Nbd2 Qc7 8. Nb3 N7b6 9. Be2 Nf4 10. Bxf4 Qxf4 11. c3 Na4 12. g3 Qh6 13. Ra2 Qe6 14. 0-0 f6 15. Nfd2 Qf7 16. Bc4 e6 17. Re1 0-0-0 18. Qf3 Bh3 19. g4 Bxg4 20. Qxg4 f5 21. Qe2 Qg6+ 22. Kh1 e5 23. Qxe5 Bd6 24. Qe6+ Qxe6 25. Bxe6+ Kc7 26. Rg1 b5 27. Rxg7+ Kb6 28. c4 c5 29. d5 a6 30. Nc1 Be5 31. Nd3 Bxg7 32. cxb5 axb5 33. Nf3 Rhe8 34. Nde5 Kc7 35. b3 Nc3 36. Rd2 Rxe6 37. dxe6 Bxe5 38. Nxe5 Nb1 39. Rxd8 Kxd8 40. a4 bxa4 41. bxa4 Nc3 42. a5 Nb5 43. a6 Na7 44. Kg1 Ke7 45. Kf1 Kxe6 46. Nc4 Kd5 47. Ne3+ Ke4 48. Ke2 f4 49. Nc2 f3+ 50. Kd2 h5 51. Ne1 Nb5 52. Nc2 c4 53. Na3 c3+ 54. Kc1 Na7 55. Kc2 Kd4 56. h4 Nc6 57. Nb5+ Kc4 58. a7 Nb4+ 59. Kc1 Kd3 60. Nxc3 Kxc3 61. a8Q Nd3+ 62. Kb1 Ne1 63. Qa5+ Kd4 64. Qxe1 Kd3 65. Qe3+ 1-0

[Event "Benidorm New Generation U12 06th"]
[Site "Benidorm"]
[Date "2010.12.06"]
[Round "3.8"]
[White "Rodriguez Alonso, Marcos"]
[Black "De la Calle Fuentes, Sergio"]
[Result "0-1"]
[WhiteElo "1505"]
[BlackElo "1678"]
[PlyCount "41"]
[EventDate "2010.12.04"]
[EventType "swiss"]
[EventRounds "7"]
[EventCountry "ESP"]
[SourceTitle "EXT 2024"]
[Source "ChessBase"]
[SourceDate "2023.10.10"]
[SourceVersion "1"]
[SourceVersionDate "2023.10.10"]
[SourceQuality "1"]

1. e4 e5 2. Nf3 d6 3. h3 Nf6 4. d3 Be7 5. Nc3 0-0 6. Be2 Re8 7. 0-0 Nbd7 8. Re1 Nf8 9. Be3 Ng6 10. Qd2 c6 11. Bg5 Bf8 12. Qd1 h6 13. Bd2 d5 14. exd5 Nxd5 15. Bf1 Bc5 16. Re2 Bd7 17. Qe1 Qc7 18. a3 Be6 19. Rc1 a5 20. Rb1 a4 21. Rc1 0-1

[Event "ESP-ch U10"]
[Site "Granada"]
[Date "2009.06.25"]
[Round "5"]
[White "Ortega Lopez, Mikel"]
[Black "Rodriguez Alonso, Marcos"]
[Result "1-0"]
[WhiteElo "1746"]
[BlackElo "1484"]
[PlyCount "65"]
[EventDate "2009.06.23"]
[EventType "swiss"]
[EventRounds "9"]
[EventCountry "ESP"]
[SourceTitle "CBM 131 Extra"]
[Source "ChessBase"]
[SourceDate "2009.09.03"]
[SourceVersion "2"]
[SourceVersionDate "2009.09.16"]
[SourceQuality "1"]

1. e4 e5 2. d4 exd4 3. Nf3 Nc6 4. Bc4 Bc5 5. c3 dxc3 6. Bxf7+ Kxf7 7. Qd5+ Ke8 8. Qxc5 cxb2 9. Bxb2 Qe7 10. Qxe7+ Ngxe7 11. 0-0 Rg8 12. Nc3 d6 13. e5 dxe5 14. Nb5 Kd8 15. Rad1+ Bd7 16. Nxe5 Nxe5 17. Bxe5 c6 18. Nd6 b6 19. Nf7+ Ke8 20. f3 Be6 21. Nd6+ Kf8 22. a3 Ng6 23. Bg3 Bd5 24. f4 Rd8 25. f5 Nh4 26. f6 g6 27. f7 Rg7 28. Bxh4 Rxd6 29. Be7+ Kxe7 30. f8Q+ Kd7 31. Qxg7+ Kc8 32. Rf8+ Rd8 33. Rdf1 1-0

[Event "Madrid CDV op 2nd"]
[Site "Madrid"]
[Date "2009.02.14"]
[Round "3"]
[White "Negredo Bahamonde, Miguel Angel"]
[Black "Rodriguez Alonso, Marcos"]
[Result "1-0"]
[WhiteElo "1704"]
[BlackElo "1449"]
[PlyCount "43"]
[EventDate "2009.02.13"]
[EventType "swiss"]
[EventRounds "7"]
[EventCountry "ESP"]
[SourceTitle "CBM 129 Extra"]
[Source "ChessBase"]
[SourceDate "2009.05.05"]
[SourceVersion "2"]
[SourceVersionDate "2009.05.20"]
[SourceQuality "1"]

1. e4 e5 2. Nf3 Nf6 3. Bc4 Bc5 4. Nc3 Nc6 5. d3 h6 6. Be3 Bxe3 7. fxe3 d6 8. Qe2 0-0 9. h3 a6 10. 0-0-0 Qe7 11. g4 Na5 12. Rdg1 Nh7 13. Qf2 Nxc4 14. dxc4 Ng5 15. h4 Nxf3 16. Qxf3 Qe6 17. g5 Qg6 18. Nd5 Qh7 19. g6 Qxg6 20. Rxg6 f6 21. Qh5 Kh8 22. Rxh6+ 1-0